Advance Engineering Mathematics fundamentals of Engineering 2/Ed (Record no. 299445)
[ view plain ]
| 000 -LEADER | |
|---|---|
| fixed length control field | 00352 a2200133 4500 |
| 001 - CONTROL NUMBER | |
| control field | 64372 |
| 082 ## - DEWEY DECIMAL CLASSIFICATION NUMBER | |
| Classification number | 510.246222 GRE |
| 090 ## - LOCALLY ASSIGNED LC-TYPE CALL NUMBER (OCLC); LOCAL CALL NUMBER (RLIN) | |
| -- | 38003 |
| -- | 38003 |
| 100 ## - MAIN ENTRY--PERSONAL NAME | |
| Personal name | Greenbery M D |
| 245 ## - TITLE STATEMENT | |
| Title | Advance Engineering Mathematics fundamentals of Engineering 2/Ed |
| 250 ## - EDITION STATEMENT | |
| Edition statement | 2 nd |
| 260 ## - PUBLICATION, DISTRIBUTION, ETC. | |
| Place of publication, distribution, etc. | New delhi |
| Name of publisher, distributor, etc. | Pearson Education |
| Date of publication, distribution, etc. | 1998 |
| 300 ## - PHYSICAL DESCRIPTION | |
| Extent | 1324pxix |
| 942 ## - ADDED ENTRY ELEMENTS (KOHA) | |
| Institution code [OBSOLETE] | caenust |
| Call number prefix | 510.246222 GRE |
| Withdrawn status | Lost status | Damaged status | Not for loan | Collection code | Permanent Location | Current Location | Date acquired | Total Checkouts | Full call number | Barcode | Date last seen | Price effective from | Koha item type |
|---|---|---|---|---|---|---|---|---|---|---|---|---|---|
| College of Aeronautical Engineering (CAE) | College of Aeronautical Engineering (CAE) | 04/03/2017 | 510.246222 GRE | CAEN-3079 | 04/05/2017 | 04/05/2017 | Book |
